| 000 | 00448nam a2200169Ia 4500 | ||
|---|---|---|---|
| 008 | 231217s9999 xx 000 0 und d | ||
| 020 | _a911625542 | ||
| 041 | _aEnglish | ||
| 082 | _a001.6424COB PRI;1 R | ||
| 100 | _aPrince, Anne | ||
| 245 | 0 | _aVS cobol II : a guide for programmers and managers | |
| 250 | _a2nd ed. | ||
| 260 |
_c1990 _bMike Murach _aUSA |
||
| 300 | _aix+277 | ||
| 650 | _aVS,cobol,II,programmers,managers | ||
| 942 | _cAA | ||
| 999 |
_c182697 _d182697 |
||